000 00423nam a2200181Ia 4500
005 20240823010216.0
008 240823s9999||||xx |||||||||||||| ||und||
041 _aENGLISH
082 _A621.317 N9
100 _aBose B K
245 0 _aModern Power Electronics
250 _a1st
260 _c1999
_b"Jaico,Mumbai"
500 _aYES
650 _aPower Electronics
_bInstrumentation
942 _cBK
999 _c157957
_d157957